000 00769nam a2200241 i 4500
001 6179
003 ES-MaACL
005 20250929063043.0
007 t|
008 890824s1987 fr ||||1| fre d
020 _a2-246-39261-6
080 _a84(Proust,M.7 B.06)
100 1 _aRevel, Jean-François,
_d1924-2006
_996389
245 1 0 _aSur Proust
_b: remarques sur "A la recherche du temps perdu" /
_cJean-Francois Revel.
250 _aEd. definitive.
260 _aParis :
_bGrasset,
_cD.L. 1987.
300 _a229 p. ;
_c19 cm.
490 1 _aLes cahiers rouges ;
_v75
600 1 4 _aProust, Marcel,
_d1871-1922
_994056
830 0 _aLes cahiers rouges ;
_v75
_9177590
852 _aES-MaACL
_jL-13287
_bR.115678
_z. - rust.
999 _c6179
_d6179